One Piece - Frutas del Diablo - Statistics

General Stats
  • This quiz has been taken 61 times
  • The average score is 37 of 120
Answer Stats
Personaje Fruta % Correct
Monkey D. Luffy Gomu Gomu
97%
Barbablanca / Edward Newgate Gura Gura
73%
Tony Tony Chopper Hito Hito
73%
Sengoku Hito Hito: modelo daibutsu
73%
Buggy Bara Bara
70%
Portgas D. Ace - Sabo Mera Mera
70%
Barbanegra / Marshall D. Teach Yami Yami
70%
Donquixote Doflamingo Ito Ito
67%
Nico Robin Hana Hana
63%
Sakazuki / Akainu Magu Magu
63%
Trafalgar D. Law Ope Ope
63%
Borsalino / Kizaru Pika Pika
63%
Enel Goro Goro
60%
Smoker Moku Moku
60%
Caesar Clown Gasu Gasu
57%
Boa Hancock Mero Mero
57%
Crocodile Suna Suna
57%
Kuzan / Aokiji Hie Hie
53%
Perona Horo Horo
53%
Charlotte Katakuri Mochi Mochi
53%
Rob Lucci Neko Neko: modelo leopardo
53%
Big Mom / Charlotte Lin Lin Soru Soru
53%
Kaidou Uo Uo: modelo seiryu
53%
Chaka Inu Inu: modelo chacal
50%
Bartholomew Kuma Nikyu Nikyu
50%
Marco Tori Tori: modelo fénix
50%
Brook Yomi Yomi
50%
Lassoo Inu Inu: modelo dachshund
47%
Jabra Inu Inu: modelo lobo
47%
Bunbuku Inu Inu: modelo tanuki
47%
Gecko Moria Kage Kage
47%
Alvida Sube Sube
47%
Morgans Tori Tori: modelo albatros
47%
Pell Tori Tori: modelo halcón
47%
Bartolomeo Bari Bari
40%
Gem / Mr. 5 Bomu Bomu
40%
Eustass Kidd Jiki Jiki
40%
Dalton Ushi Ushi: modelo bisonte
40%
Kaku Ushi Ushi: modelo jirafa
40%
Kalifa Awa Awa
37%
Magellan Doku Doku
37%
Boa Sandersonia Hebi Hebi: modelo anaconda
37%
Boa Marigold Hebi Hebi: modelo cobra real
37%
Kurozumi Orochi Hebi Hebi: modelo yamata-no-orochi
37%
X Drake Ryu Ryu: modelo allosaurus
37%
Queen Ryu Ryu: modelo brachiosaurus
37%
Ulti Ryu Ryu: modelo pachycephalosaurus
37%
King Ryu Ryu: modelo pteranodon
37%
Page One Ryu Ryu: modelo spinosaurus
37%
Absalom - Shiryu Suke Suke
37%
Kozuki Toki Toki Toki
37%
Galdino / Mr. 3 Doru Doru
33%
Charlotte Perospero Pero Pero
33%
Tamago Tama Tama
33%
Wapol Baku Baku
30%
Mikita / Miss Valentine Kiro Kiro
30%
Foxy Noro Noro
30%
Smiley Sara Sara: modelo axolote
30%
Monet Yuki Yuki
30%
Sugar Hobi Hobi
27%
Bentham / Bon Clay Mane Mane
27%
Baby 5 Buki Buki
23%
Kin'emon Fuku Fuku
23%
Pekoms Kame Kame
23%
Tama Kibi Kibi
23%
Charlotte Pudding Memo Memo
23%
Zala / Miss Doublefinger Toge Toge
23%
Machvise Ton Ton
23%
Blueno Doa Doa
20%
Viola Giro Giro
20%
Drophy / Miss Merry Christmas Mogu Mogu
20%
Kabu Mushi Mushi: modelo kabutomushi
20%
Bian Mushi Mushi: modelo suzumebachi
20%
Shu Sabi Sabi
20%
Señor Pink Sui Sui
20%
Funkfreed Zou Zou
20%
Jack Zou Zou: modelo mamut
20%
Giolla Ato Ato
17%
Bellamy Bane Bane
17%
Vander Decken IX Mato Mato
17%
Charlotte Brulee Mira Mira
17%
Caribou Numa Numa
17%
Daz Bonez Supa Supa
17%
Pierre Uma Uma
17%
Tsuru Woshu Woshu
17%
Very Good Beri Beri
13%
Trebol Beta Beta
13%
Mansherry Chiyu Chiyu
13%
Buffalo Guru Guru
13%
Hina Ori Ori
13%
Gladius Pamu Pamu
13%
Capone Bege Shiro Shiro
13%
Issho / Fujitora Zushi Zushi
13%
Charlotte Galette Bata Bata
10%
Charlotte Mont-d'Or Buku Buku
10%
Kanjuro Fude Fude
10%
Diamante Hira Hira
10%
Pica Ishi Ishi
10%
Kelly Funk Jake Jake
10%
Streusen Kuku Kuku
10%
Black Maria Kumo Kumo
10%
Charlotte Opera Kuri Kuri
10%
Raizo Maki Maki
10%
Donquixote Rosinante Nagi Nagi
10%
Charlotte Oven Netsu Netsu
10%
Leo Nui Nui
10%
Basil Hawkins Wara Wara
10%
Charlotte Cracker Bisu Bisu
7%
Inazuma Choki Choki
7%
Shiki Fuwa Fuwa
7%
Emporio Ivankov Horu Horu
7%
Charlotte Daifuku Hoya Hoya
7%
Shinobu Juku Juku
7%
Jozu Kira Kira
7%
Scratchmen Apoo Oto Oto
7%
Sharinguru Shari Shari
7%
Charlotte Newshi Gocha Gocha
3%
Belo Betty Kobu Kobu
3%
Morley Oshi Oshi
3%
Charlotte Smoothie Shibo Shibo
3%
No matching quizzes found
Score Distribution
Percent of People with Each Score
Percentile by Number Answered
Your Score History
You have not taken this quiz